Code de commerce du royaume de Hollande / (Record no. 183320)

MARC details
000 -LEADER
campo de control de longitud fija 00904nam a2200193 i 4500
001 - NÚMERO DE CONTROL
campo de control 183320
003 - IDENTIFICADOR DE NÚMERO DE CONTROL
campo de control ES-MaACL
005 - FECHA Y HORA DE LA ÚLTIMA TRANSACCIÓN
campo de control 20230906221849.0
008 - DATOS DE LONGITUD FIJA--INFORMACIÓN GENERAL
campo de control de longitud fija 140319s1839 fr |||| | fre d
245 00 - MENCIÓN DEL TÍTULO
Título Code de commerce du royaume de Hollande /
Mención de responsabilidad, etc. traduit par M. Willem Wintgens,.... précédé des lois nouvelles sur l'organisation judiciaire du royaume de Hollande et du titre du code de procédure civile, relatif à la contrainte par corps.
260 ## - PUBLICACIÓN, DISTRIBUCIÓN, ETC.
Lugar de publicación, distribución, etc. Rennes :
Nombre del editor, distribuidor, etc. Blin ;
Lugar de publicación, distribución, etc. Paris :
Nombre del editor, distribuidor, etc. Joubert :
-- La Haye :
-- M. P. Van Stockum,
Fecha de publicación, distribución, etc. 1839.
300 ## - DESCRIPCIÓN FÍSICA
Extensión VIII-410 p. ;
Dimensiones 22 cm.
490 1# - MENCIÓN DE SERIE
Mención de serie Collection des lois civiles et criminelles des états modernes ;
Designación de volumen o secuencia 7
650 #4 - PUNTO DE ACCESO ADICIONAL DE MATERIA--TÉRMINO DE MATERIA
Término de materia o nombre geográfico como elemento de entrada Derecho mercantil-
Subdivisión geográfica Holanda.
9 (RLIN) 171666
700 1# - ENTRADA AGREGADA--NOMBRE PERSONAL
Nombre de persona Wintgens, Willen.
9 (RLIN) 154588
830 1# - PUNTO DE ACCESO ADICIONAL DE SERIE-TÍTULO UNIFORME
Título uniforme Collection des lois civiles et criminelles des états modernes ;
Designación de volumen o secuencia 7
9 (RLIN) 191907
852 ## - LOCALIZACIÓN
Ubicación ES-MaACL
Número de control de estantería G-3636
Holdings
Estatus retirado Estado de pérdida Estado de daño No para préstamo Colección Biblioteca de origen Biblioteca actual Ubicación en estantería Fecha de adquisición Fuente de adquisición Total de préstamos Signatura topográfica completa Código de barras Visto por última vez Precio de reemplazo Tipo de ítem Koha
        Libros del s. XIX Biblioteca del Ateneo de Madrid Biblioteca del Ateneo de Madrid Depósito 2 19/03/2014     G-3636 1192686 23/02/2023 23/02/2023 Libro impreso antiguo